00682nam a2200157Ia 4500008004100000100003600041245015600077245006200233260005300295260001400348300000800362650001500370856004700385999001900432952007300451170221s9999 xx 000 0 und d aMuhammad Nadhar, Amiruddin Tawe 4aThe Effect of Work Motivation and Entrepreneurship Orientation on Business Performance through Entrepreneurial Commitments of Coffee Shops in Makassar  cMuhammad Nadhar, Amiruddin Tawe, Dian Anggraece Parawansa bInternational Review of Management and Marketing cJune 2016 a8:1 xMarketing. uhttp://www.econjournals.com/index.php/irmm c309949d309949 001040aCLbCLd2017-02-21l0r2017-02-21 00:00:00w2017-02-21yFOJ